000 00845cam a22002893a 4500
001 6130
003 PGUSA
005 20140828083128.0
008 040701s2004||||xxu|||||s|||||000 p eng d
040 _aPGUSA
_beng
042 _adc
050 4 _aPA
100 1 _aHomer,
_d-750--650
245 1 4 _aThe Iliad
_h[electronic resource] /
_cHomer
260 _bProject Gutenberg,
_c2004
506 _aPublic domain in the USA.
516 _aElectronic text
653 _aTrojan War -- Poetry
653 _aEpic poetry, Greek -- Translations into English
653 _aAchilles (Greek mythology) -- Poetry
653 _aClassical literature
700 1 _aBuckley, Theodore Alois,
_d1825-1856
700 1 _aPope, Alexander,
_d1688-1744
830 0 _aProject Gutenberg
_v6130
856 4 0 _uhttp://www.gutenberg.org/ebooks/6130
942 _cEB
999 _c235458
_d235458